Statystyki dla Najgorsi królowie Polski

Kliknij tutaj aby rozwiązać quiz!

Ogólne statystyki

  • Ten quiz został rozwiązany 357 razy
  • Średni wynik to 5 z 7

Statystyki odpowiedzi

PodpowiedźLata Panowania:Król% Poprawnych
Podwładny Carycy1764-1795Stanisław August Poniatowski
93%
Zdrajca1573-1574Henryk Walezy
79%
Grubas1733-1763August III Sas
68%
Nie umiał dobrze rządzić1669-1673Michał Korybut Wiśniowiecki
63%
Wkręcił Polskę we wojnę północną1697-1706, 1709-1733August II Mocny
57%
Prowokator Szwedów1648-1668Jan II Kazimierz Waza
55%
Nic prawię nie zrobił1459-1501Jan I Olbracht
46%

Rozkład punktacji

Percentyl według liczby udzielonych odpowiedzi

Procent ludzi z każdym wynikiem

Twoja historia wyników

Nie rozwiązałeś tego quizu